000
00301nam a22001337a 4500
008
170208b xxu||||| |||| 00| 0 eng d
020
_a
9780834209220
041
_a
eng
080
_a
61
100
_a
4
101
_a
SHM
245
_a
IMPROVING PATIENT SATISFACTION NOW
_c
NELSON, A.M
942
_2
udc
_c
BK
999
_c
4919
_d
4919